[Event "NZL-ch op-B 130th"]
[Site "Wellington"]
[Date "2023.01.02"]
[Round "1"]
[White "Lu, Xiahan Luna"]
[Black "McIntosh, Andrew"]
[Result "0-1"]
[WhiteElo "1480"]
[BlackElo "1794"]
[PlyCount "48"]
[EventDate "2023.01.02"]
[EventType "swiss"]
[EventRounds "9"]
[EventCountry "NZL"]
[SourceTitle "CBM 212 Extra"]
[Source "ChessBase"]
[SourceDate "2023.03.31"]
[SourceVersion "1"]
[SourceVersionDate "2023.03.31"]
[SourceQuality "1"]

1. d4 Nf6 2. c4 e6 3. Nc3 d5 4. Bg5 Nbd7 5. e3 Be7 6. Nf3 h6 7. Bxf6 Nxf6 8. Bd3 0-0 9. 0-0 c6 10. cxd5 exd5 11. a3 Re8 12. Rc1 Bd6 13. b4 a5 14. Qb3 axb4 15. axb4 b5 16. Ra1 Bg4 17. Nd2 Qc7 18. h3 Be6 19. Rfc1 Rxa1 20. Rxa1 Qd7 21. Nf3 Ne4 22. Qb2 Bxh3 23. gxh3 Qxh3 24. Be2 Re6 0-1

[Event "NZL-ch Major op"]
[Site "Wellington"]
[Date "2013.01.07"]
[Round "8"]
[White "Brockway, Andrew"]
[Black "McIntosh, Andrew"]
[Result "1-0"]
[WhiteElo "1792"]
[BlackElo "1732"]
[PlyCount "135"]
[EventDate "2012.12.31"]
[EventType "swiss"]
[EventRounds "11"]
[EventCountry "NZL"]
[SourceTitle "CBM 152 Extra"]
[Source "ChessBase"]
[SourceDate "2013.02.25"]
[SourceVersion "1"]
[SourceVersionDate "2013.02.25"]
[SourceQuality "1"]

1. e4 e5 2. Nf3 Nc6 3. Bb5 a6 4. Bxc6 dxc6 5. 0-0 Bg4 6. h3 h5 7. d3 Qf6 8. Nbd2 Ne7 9. Nc4 Bxf3 10. Qxf3 Qxf3 11. gxf3 Ng6 12. Be3 Be7 13. Rfd1 0-0-0 14. Kf1 f6 15. Ke2 Nf8 16. f4 exf4 17. Bxf4 Ne6 18. Be3 c5 19. f4 Rdg8 20. f5 Nd4+ 21. Bxd4 cxd4 22. Rg1 g5 23. fxg6 Rh6 24. Kf2 Rhxg6 25. Rxg6 Rxg6 26. Rg1 Rxg1 27. Kxg1 Kd7 28. Kf2 Ke6 29. Na5 b5 30. Nc6 Bc5 31. Nd8+ Ke7 32. Nb7 Bb4 33. a3 Bd2 34. Nc5 Bc1 35. Nxa6 Kd6 36. b3 Bxa3 37. Kg3 c5 38. Kf4 Bc1+ 39. Kf5 Bh6 40. Kxf6 Bf4 41. h4 Bg3 42. Kg5 Kc6 43. Kxh5 Kb6 44. Kg4 Bh2 45. Nb4 cxb4 46. Kf5 Kc6 47. h5 Kd6 48. Kf6 Be5+ 49. Kf7 Bf4 50. Kf6 Be5+ 51. Kg6 Ke6 52. h6 Bf6 53. Kh5 Kf7 54. Kg4 Kg6 55. Kf4 Kxh6 56. Kf5 Kg7 57. Ke6 Kg6 58. Kd5 Kg5 59. Kc5 Kf4 60. Kxb4 Ke3 61. Kxb5 Kd2 62. Kc4 Kxc2 63. b4 Kd2 64. b5 Ke3 65. b6 Be5 66. Kd5 Bb8 67. e5 Kf4 68. e6 1-0

[Event "NZL-ch Major op"]
[Site "Wellington"]
[Date "2013.01.02"]
[Round "3"]
[White "McIntosh, Andrew"]
[Black "Lyall, Simon"]
[Result "1/2-1/2"]
[WhiteElo "1732"]
[BlackElo "1795"]
[PlyCount "54"]
[EventDate "2012.12.31"]
[EventType "swiss"]
[EventRounds "11"]
[EventCountry "NZL"]
[SourceTitle "CBM 152 Extra"]
[Source "ChessBase"]
[SourceDate "2013.02.25"]
[SourceVersion "1"]
[SourceVersionDate "2013.02.25"]
[SourceQuality "1"]

1. e4 e5 2. Nf3 Nf6 3. Nxe5 d6 4. Nf3 Nxe4 5. d4 d5 6. Bd3 Bd6 7. 0-0 0-0 8. c4 c6 9. Nc3 Nxc3 10. bxc3 Bg4 11. h3 Bh5 12. a4 a5 13. Ba3 Re8 14. Bxd6 Qxd6 15. g4 Bg6 16. c5 Qf6 17. Bxg6 hxg6 18. Ne5 Re7 19. f4 Nd7 20. Rb1 Nxe5 21. fxe5 Qg5 22. Qf3 Rf8 23. Qf4 Qxf4 24. Rxf4 Rb8 25. g5 b5 26. axb5 Reb7 27. Rbf1 Re7 1/2-1/2